LEADER 01044nam0-22003011i-450- 001 990007534520403321 005 20070615125019.0 035 $a000753452 035 $aFED01000753452 035 $a(Aleph)000753452FED01 035 $a000753452 100 $a20030814f19781988km-y0itay50------ba 101 0 $aita 102 $aIT 105 $ay-------001yy 200 1 $a<>contributo dei geografi italiani sul problema della salute e della organizzazione territoriale dei servizisanitari$fPaola Morelli 210 $aTorino$cGiappichelli$ds. d. 215 $ap. 179 - 183$d25 cm 300 $aEstr. da: Geografia democratica : l'inchiesta sul terreno in Geografia 610 0 $aItalia$aSanità 700 1$aMorelli,$bPaola$032965 801 0$aIT$bUNINA$gRICA$2UNIMARC 901 $aBK 912 $a990007534520403321 952 $aMISC.M-0186$bIst. s.i.$fILFGE 959 $aILFGE 996 $aContributo dei geografi italiani sul problema della salute e della organizzazione territoriale dei servizisanitari$9685024 997 $aUNINA LEADER 01271nam--2200409---450- 001 990000315160203316 005 20100707145721.0 010 $a88-8422-058-0 035 $a0031516 035 $aUSA010031516 035 $a(ALEPH)000031516USA01 035 $a0031516 100 $a20001215d2000----km-y0itay0103----ba 101 0 $aITA 102 $aIT 105 $a||||||||001yy 200 1 $aCodice del turismo della regione Puglia$f[a cura di] Francesco Gabriele, Alfonso Celotto 210 $aBari$cCacucci$d2000 215 $a316 p.$d17 cm 606 $aTurismo$xLegislazione$yPuglia 676 $a343.457508559104 702 1$aGABRIELE,$bFrancesco 702 1$aCELOTTO,$bAlfonso 710 01$aPUGLIA$0262798 801 0$aIT$bsalbc$gISBD 912 $a990000315160203316 951 $aXXIV.3.A. 453 (IG V 680)$b27723 G.$cXXIV.3.A. 453 (IG V)$d00068675 959 $aBK 969 $aGIU 979 $aTAMI$b40$c20001215$lUSA01$h1347 979 $aTAMI$b40$c20001215$lUSA01$h1348 979 $aTAMI$b40$c20001219$lUSA01$h0920 979 $c20020403$lUSA01$h1639 979 $aPATRY$b90$c20040406$lUSA01$h1622 979 $aRSIAV4$b90$c20100707$lUSA01$h1457 996 $aCodice del turismo della regione Puglia$9879295 997 $aUNISA